00521nam a2200157Ia 4500008004100000020001800041041000800059082001500067100002200082245002600104260003100130300000900161500001000170999001700180952016600197220803s9999 xx 000 0 und d a9789384030049 aeng a891.46 SHE aTripathi A925146 aShapath Vavuputranchi aDelhibWestland Ltd.c2014 a684p aARCHI c15990d15990 00104070aBNCAbBNCAd2016-01-06eTechnical Book Servicesg335.75l1o891.46 SHEpBNCA-BK-9623r2024-05-29 00:00:00s2023-12-15v335.75w2016-01-05yBKzB09623